MARC

LEADER 00000cam a2200000 7i4500
001 0000002853
005 20040127.0
090 0 0 |a FAO338.1749   |b VER 1997 
100 1 0 |a VERGARA   |h Napoleon 
245 1 0 |a Wood materials from non-forest areas   |c by Napoleon Vergara 
260 0 0 |a Rome :   |b Food and Agriculture Organization of the United Nations ,   |c 1997 
300 |a 64 p. ;   |c 30 cm. 
440 0 0 |a Asia-Pacific forestry sector outlook study working paper series ; no. APFSOS/WP/19 
500 0 0 |a Bibliography : p. 48-50 
650 0 0 |a Forest products industry   |x Economic aspects 
710 1 1 |a Food and Agriculture Organization of the United Nations (FAO) 
998 |a JPSM 
999 |a 0000004754   |b Monograph   |c Food and Agriculture Organization   |e Default branch 
999 |a 0000004755   |b Monograph   |c Food and Agriculture Organization   |e Default branch